000 00289nam a22000977a 4500
999 _c11242
_d11242
008 181113b ||||| |||| 00| 0 eng d
020 _a0199464693
100 _aTewari,R.Jatashankar
_96991
245 _aHotel Front Office Operations and Management
260 _aUK
_bOxford University Press
_c2018